ខ្លួនមនុស្ស / (Record no. 1542)

MARC details
000 -LEADER
fixed length control field 01678nam a22003137a 4500
001 - CONTROL NUMBER
control field 1542
003 - CONTROL NUMBER IDENTIFIER
control field FISKH
005 - DATE AND TIME OF LATEST TRANSACTION
control field 20250404075633.0
008 - FIXED-LENGTH DATA ELEMENTS--GENERAL INFORMATION
fixed length control field 230906b cb ||||| |||| 00| 0 khr d
022 ## - INTERNATIONAL STANDARD SERIAL NUMBER
Source 9789924340935
040 ## - CATALOGING SOURCE
Original cataloging agency FISKH
Language of cataloging eng
Transcribing agency FISKH
Modifying agency FISKH
082 ## - DEWEY DECIMAL CLASSIFICATION NUMBER
Classification number 611
100 ## - MAIN ENTRY--PERSONAL NAME
Personal name Vandewiele, Agnes
245 ## - TITLE STATEMENT
Title ខ្លួនមនុស្ស /
Statement of responsibility, etc. និពន្ធដោយ Agnes Vandewiele - គូររូបដោយ Maud Riemann - បកប្រែពីភាសាបារាំងដោយ អ៊ុំ វ័ណថារី
250 ## - EDITION STATEMENT
Edition statement បោះពុម្ពលើកទី ២ កញ្ញា ២០២១
260 ## - PUBLICATION, DISTRIBUTION, ETC.
Place of publication, distribution, etc. Coubertin :
Name of publisher, distributor, etc. Sipar,
Date of publication, distribution, etc. 2019.
300 ## - PHYSICAL DESCRIPTION
Extent 29 pages :
Other physical details color illustrations ;
Dimensions 25 cm
490 ## - SERIES STATEMENT
Series statement ស្វែងយល់ពី
505 ## - FORMATTED CONTENTS NOTE
Formatted contents note P <br/>
520 ## - SUMMARY, ETC.
Summary, etc. ឆ្លើយតបចំពោះសំណួររបស់កុមារអំពីរាងកាយរបស់ពួកគេ! ក្មេងៗនឹងរកឃើញអាថ៌កំបាំងនៃរាងកាយមនុស្ស វិធីថែរក្សា និងលូតលាស់បានល្អ!
520 ## - SUMMARY, ETC.
Summary, etc. Answers to children’s questions about their bodies. Children will discover the secrets of the human body, the ways to take care of it, and to grow well.
521 8# - TARGET AUDIENCE NOTE
Target audience note 610 <br/>
Source Lexile estimate <br/>
521 8# - TARGET AUDIENCE NOTE
Target audience note P <br/>
Source Raz-Plus <br/>
650 ## - SUBJECT ADDED ENTRY--TOPICAL TERM
Topical term or geographic name entry element រាងកាយ
Form subdivision ការលូតលាស់
General subdivision ការការពារ​
650 ## - SUBJECT ADDED ENTRY--TOPICAL TERM
Topical term or geographic name entry element Body part
Form subdivision Growing
General subdivision Protection
700 ## - ADDED ENTRY--PERSONAL NAME
Personal name Vanthary, Oum
Relator term translator
700 ## - ADDED ENTRY--PERSONAL NAME
Personal name Riemann, Maud
Relator term illustrator
942 ## - ADDED ENTRY ELEMENTS (KOHA)
Source of classification or shelving scheme Dewey Decimal Classification
Koha item type Books
Suppress in OPAC No
Holdings
Withdrawn status Lost status Source of classification or shelving scheme Damaged status Not for loan Collection Home library Current library Shelving location Date acquired Total Checkouts Full call number Barcode Date last seen Copy number Price effective from Koha item type Date last checked out
    Dewey Decimal Classification     Khmer Language Books / សៀវភៅភាសាខ្មែរ Footprints International School Library Network Toul Kork Campus Footprints International School Library Network Toul Kork Campus TK Campus, Room B402, Khmer Book Case 16, Shelves 112-123 / ទូរសៀវភៅខ្មែរលេខ ១៦​ ធ្នើរ ១១២ ដល់ ១២៣ បន្ទប់ B402 សាខាទួលគោក 09/06/2023   VAN 611 2023-0490 09/06/2023 1 09/06/2023 Books  
Withdrawn   Dewey Decimal Classification     Khmer Language Books / សៀវភៅភាសាខ្មែរ Footprints International School Library Network Toul Kork Campus Footprints International School Library Network Toul Kork Campus TK Campus, Room B402, Khmer Book Case 16, Shelves 112-123 / ទូរសៀវភៅខ្មែរលេខ ១៦​ ធ្នើរ ១១២ ដល់ ១២៣ បន្ទប់ B402 សាខាទួលគោក 09/06/2023 1 VAN 611 2023-0491 10/11/2024 2 09/06/2023 Books 08/23/2024